[Event "CZE-ch U16 Girls"]
[Site "Kouty nad Desnou"]
[Date "2010.03.12"]
[Round "8"]
[White "Saffova, Michaela"]
[Black "Steinhauserova, Anna"]
[Result "0-1"]
[WhiteElo "1925"]
[BlackElo "1813"]
[PlyCount "44"]
[EventDate "2010.03.06"]
[EventType "swiss"]
[EventRounds "9"]
[EventCountry "CZE"]
[SourceTitle "EXT 2012"]
[Source "ChessBase"]
[SourceDate "2011.11.24"]
[SourceVersion "1"]
[SourceVersionDate "2011.11.24"]
[SourceQuality "1"]

1. e4 e5 2. Nf3 Nc6 3. Bc4 Nf6 4. Ng5 d5 5. exd5 b5 6. Bxb5 Qxd5 7. Bxc6+ Qxc6 8. 0-0 Bd6 9. Nc3 Bb7 10. Qf3 e4 11. Re1 0-0 12. Qe2 h6 13. Nh3 Rae8 14. Qb5 e3 15. Qxc6 exf2+ 16. Kxf2 Ng4+ 17. Kf1 Nxh2+ 18. Kf2 Ng4+ 19. Kf1 Bxc6 20. Ne2 Re6 21. d3 Rfe8 22. Bd2 Bxg2+ 0-1

[Event "CZE-ch U16 Girls"]
[Site "Kouty nad Desnou"]
[Date "2010.03.09"]
[Round "5"]
[White "Saffova, Michaela"]
[Black "Sabolova, Kristyna"]
[Result "0-1"]
[WhiteElo "1925"]
[BlackElo "1759"]
[PlyCount "58"]
[EventDate "2010.03.06"]
[EventType "swiss"]
[EventRounds "9"]
[EventCountry "CZE"]
[SourceTitle "EXT 2012"]
[Source "ChessBase"]
[SourceDate "2011.11.24"]
[SourceVersion "1"]
[SourceVersionDate "2011.11.24"]
[SourceQuality "1"]

1. e4 c6 2. d4 d5 3. e5 Bf5 4. Nf3 h6 5. Bd3 Bxd3 6. Qxd3 e6 7. Nc3 Qc7 8. 0-0 a6 9. Bd2 c5 10. Rfe1 Nc6 11. dxc5 Bxc5 12. Na4 Ba7 13. b3 Nge7 14. Rac1 Rd8 15. Qe2 0-0 16. Nb2 Nf5 17. c4 Qe7 18. cxd5 Rxd5 19. Nc4 Rfd8 20. Kh1 Ncd4 21. Nxd4 Nxd4 22. Qg4 Nf5 23. Ba5 Rc8 24. Bb6 Bxb6 25. Nxb6 Rxc1 26. Rxc1 Rxe5 27. Rc8+ Kh7 28. g3 Qd6 29. Nc4 Qd5+ 0-1

[Event "CZE-ch U16 Girls"]
[Site "Kouty nad Desnou"]
[Date "2010.03.06"]
[Round "1"]
[White "Saffova, Michaela"]
[Black "Kuchynkova, Lucie"]
[Result "1-0"]
[WhiteElo "1925"]
[BlackElo "1513"]
[PlyCount "59"]
[EventDate "2010.03.06"]
[EventType "swiss"]
[EventRounds "9"]
[EventCountry "CZE"]
[SourceTitle "EXT 2012"]
[Source "ChessBase"]
[SourceDate "2011.11.24"]
[SourceVersion "1"]
[SourceVersionDate "2011.11.24"]
[SourceQuality "1"]

1. e4 c5 2. c3 d6 3. d4 cxd4 4. cxd4 Nf6 5. Nc3 g6 6. Nf3 Bg7 7. Be2 0-0 8. 0-0 Bg4 9. h3 Bxf3 10. Bxf3 Nc6 11. Be3 a6 12. h4 Rc8 13. Rc1 e6 14. a3 Qe7 15. b4 b5 16. Ne2 e5 17. d5 Nb8 18. Ng3 Nfd7 19. h5 Qh4 20. hxg6 fxg6 21. Rxc8 Rxc8 22. Bg4 Rc3 23. Be6+ Kh8 24. Qd2 Rxe3 25. Qxe3 Qf6 26. Rc1 Qf8 27. Qa7 Qe8 28. Rc7 Qf8 29. Bxd7 Nxd7 30. Rxd7 1-0

[Event "CZE Czechia-ch U16"]
[Site "Harrachov"]
[Date "2009.10.24"]
[Round "1"]
[White "Saffova, Michaela"]
[Black "Chmel, Kristian"]
[Result "0-1"]
[WhiteElo "1614"]
[BlackElo "1958"]
[PlyCount "38"]
[EventDate "2009.10.24"]
[EventType "swiss"]
[EventRounds "9"]
[EventCountry "CZE"]
[SourceTitle "EXT 2012"]
[Source "ChessBase"]
[SourceDate "2011.11.24"]
[SourceVersion "1"]
[SourceVersionDate "2011.11.24"]
[SourceQuality "1"]

1. e4 c5 2. c3 Qa5 3. Nf3 Nc6 4. d4 cxd4 5. Nxd4 Nf6 6. Nxc6 bxc6 7. Bd3 g6 8. 0-0 Bg7 9. b4 Qc7 10. Be3 a5 11. Qb3 Ng4 12. g3 Nxe3 13. fxe3 e6 14. Nd2 h5 15. Nf3 axb4 16. Qxb4 Ra5 17. Kg2 h4 18. Rf2 hxg3 19. hxg3 Rah5 0-1